000
00322nam a2200109Ia 4500
008
160531s9999 xx 000 0 und d
100
_a
Vojta, Thomas.
245
_a
Phases and Phase Transitions in Disordered Quantum Systems
245
_c
by Thomas Vojta
260
_c
2013
856
_u
http://arxiv.org/pdf/1301.7746v1.pdf
999
_c
295197
_d
295197